Report of Meeting (Association of American Library Schools)

Xehetasun bibliografikoak
Formatua: Baliabide elektronikoa Aldizkaria
Hizkuntza:English
Argitaratua: Association for Library and Information Science Education (ALISE)
Gaiak:
Sarrera elektronikoa:Full text available on JSTOR[1934-12-28 - 1959-06-22]
Off-campus access
LEADER 01014cas a2200193 a 4500
001 AALejournalJSTOR002456
008 230228c9999 xx r poo 0 0eng d
022 |a 0519-1033 
040 |a BD-DhAAL  |c BD-DhAAL 
245 0 0 |h [electronic resource]  |a Report of Meeting (Association of American Library Schools) 
260 |b Association for Library and Information Science Education (ALISE) 
300 |a 1 online resource 
500 |a <strong>Off-Campus Access:</strong> Athens ID and Password Required 
500 |a <strong>On-Campus Access:</strong> No User ID or Password Required 
506 |a Electronic access restricted to authorized BRAC University faculty, staff and students 
538 |a Mode of access: Internet 
650 4 |a Library Science ; Social Sciences 
856 4 0 |z Full text available on JSTOR[1934-12-28 - 1959-06-22]  |u https://www.jstor.org/journal/repomeetassoamer 
856 4 0 |z Off-campus access  |u https://go.openathens.net/redirector/bracu.ac.bd?url=https%3A%2F%2Fwww.jstor.org%2Fjournal%2Frepomeetassoamer